Bienvenido a nuestro catálago, Biblioteca Universidad Monteávila

Vista normal Vista MARC

Entrada Encabezamiento temático

Número de registros utilizados en: 1

001 - NÚMERO DE CONTROL

  • campo de control: 11004

003 - IDENTIFICADOR DEL NÚMERO DE CONTROL

  • campo de control: vecauma

005 - FECHA Y HORA DE LA ÚLTIMA TRANSACCIÓN

  • campo de control: 20240403194454.0

008 - DATOS DE LONGITUD FIJA

  • campo de control de longitud fija: 240403|| aca||aabn | a|a d

040 ## - FUENTE DE LA CATALOGACIÓN

  • Centro catalogador/agencia de origen: vecauma

150 ## - Materia

  • Encabezamiento temático: TEORIA DE LAS SEÑALES (TELECOMUNICACIONES)

450 ## - REFERENCIA DE “VEASE” MATERIA

  • Encabezamiento temático: Signal theory (Telecommunication)

670 ## - FUENTE EN LA QUE SE LOCALIZARON DATOS

  • Cita de la fuente: Lista de Encabezamientos de Materias para Bibliotecas, 1998,
  • Información localizada: p. 1006 [Teoría de las señales (Telecomunicaciones)]

670 ## - FUENTE EN LA QUE SE LOCALIZARON DATOS

  • Cita de la fuente: Catálogo de Autoridades de la Biblioteca del Congreso (LCSH),
  • Información localizada: [Signal theory (Telecommunication)]

Copyright @ UMA Library
Universidad Monteávila Caracas, Venezuela

Edif. Sede principal Universidad Monteávila. Av. El Buen Pastor. Boleíta Norte. Caracas. 
Customized by Universidad Monteávila

Con tecnología Koha